00477nam a2200193 a 4500001001300000003000900013005001700022008004100039020001000080082001300090100002100103245002600124260004900150300000900199500003500208505001000243650000900253700002100262nice12345678IN_TiNIC20260116011423.0050524s1963 newa grp 000 0 eng  ac29400a955bWIL aWilber, Donald N aIran Past and Present aNew JersybPrinceston University Pressc1963 a312p aincludes index and biblioraphy2 aIndex aIran1 aWilber, Donald N